000 01135cam a2200253 4500
001 ABS65787
008 020902n2002 000 0 eng u
035 _a(Sirsi) u119528
100 _aPickering, D.
245 2 _aA dose of plain speaking
260 _c2002
490 _aEstates Gazette
_v(0233) 10 August 2002, 63(1)
520 _aLooks at the RICS's 'Common auction conditions' which plans to clarify the property auction process and further enhance the key role of auctioneers in providing liquidity to the market. If the conditions are adopted widely, terms will be similar at auctions run in different parts of the country by different auctioneers. The publication uses clear and plain English and is available online. RICS intends to review the conditions regularly.
590 _aABS
650 _aRICS COMMON AUCTION CONDITIONS FOR AUCTIONS OF REAL ESTATE IN ENGLAND AND WALES
650 _aABOUT RICS
650 _aAuctioneering
_96218
650 _aAUCTIONEER GUIDELINES
650 _aONLINE INFORMATION
650 _aPLAIN ENGLISH
690 _aAuctioneering
_96218
700 _aRedman, N.
942 _n0
999 _c71057
_d71057